00817nam a22002534a 450000100060000000300080000600500170001400800390003102000150007002000220008503500190010704000320012604100080015808200240016610000200019024501100021025000120032026000610033230000470039350400670044065000130050770000200052070000230054037044BD-RjUL20211209052554.0141012s1996 enka b 001 0 eng a086542845X a0632038012 (pbk.) a(BD-RjUL)37146 aDLCcDLCdDLCdBD-RjULbeng aeng00a574.5220bBEE 19961 aBegon, Michael.10aEcology :bindividuals, populations, and communities /cMichael Begon, John L. Harper, Colin R. Townsend. a3rd ed. aOxford ;aCambridge, Mass. :bBlackwell Science,cc1996. axii, 1068 p. :bill. (some col.) ;c26 cm. aIncludes bibliographical references (p. 971-1029) and indexes. 0aEcology.1 aHarper, John L.1 aTownsend, Colin R.